000 00573nai a2200181Ia 4500
003 IN-BaIIA
008 211028c9999 xx s 000 0 eng d
022 _a0025-6455 (Print)
022 _a1572-9648 (Online)
040 _cIIA Library
245 0 _aMeccanica
_h[eJournal]
260 _aDordrecht, Netherlands
_bSpringer Netherlands
310 _aMonthly
362 _a32(1); 1997 - Present
521 _bSubscribed through National Knowledge Resource Consortium (NKRC)
856 _uhttps://www.springer.com/journal/11012
_yClick Here to Access eJournal
942 _cEJ
999 _c35336
_d35336